| 000 | 00589cam a2200205 i 4500 | ||
|---|---|---|---|
| 001 | 408669 | ||
| 005 | 20180208093632.0 | ||
| 008 | 800929s1981 nyua 000 0 eng | ||
| 010 | _a 80000708 | ||
| 020 |
_a0385159323 : _c$10.95 |
||
| 040 |
_aDLC _cDLC _dDLC |
||
| 041 | _aeng | ||
| 080 | _a797.21 KAT | ||
| 082 | 0 | 0 |
_a797.21 KAT _219 |
| 100 | 1 | _a8 | |
| 101 | _aEKZ | ||
| 245 | 1 | 0 |
_aSwimming for total fitness : _cby Jane Katz, with Nancy P. Bruning ; ill. by Phillip Jones. |
| 906 |
_a7 _bcbc _corignew _du _eocip _f19 _gy-gencatlg |
||
| 942 |
_2ddc _cBK |
||
| 999 |
_c42187 _d42187 |
||